Aetatis Novae: instrucción pastoral sobre las comunicaciones sociales en el vigésimo aniversario de Communio et Progressio
Uloženo v:
| Korporativní autor: | |
|---|---|
| Médium: | Kniha |
| Jazyk: | španělština |
| Vydáno: |
Santiago
Paulinas
1992
|
| Témata: | |
| Tagy: |
Přidat tag
Žádné tagy, Buďte první, kdo vytvoří štítek k tomuto záznamu!
|
MARC
| LEADER | 00000nam a2200000 a 4500 | ||
|---|---|---|---|
| 001 | UCV2457 | ||
| 003 | CL-VaPUC | ||
| 008 | 920723e19920000CL |||||||||||||||||spa|d | ||
| 082 | 0 | 4 | |a 253 |b PON |2 21 |
| 110 | 2 | |a Pontificio Consejo para las Comunicaciones Sociales |e author |9 296702 | |
| 245 | 1 | 0 | |a Aetatis Novae: instrucción pastoral sobre las comunicaciones sociales en el vigésimo aniversario de Communio et Progressio |
| 300 | |a 35 p | ||
| 942 | |c BK | ||
| 945 | |d 19920723 00:00:00 | ||
| 260 | |a Santiago |b Paulinas |c 1992 | ||
| 600 | 0 | |a Iglesia católica |9 255129 | |
| 650 | 0 | |a Comunicación |9 257251 | |
| 650 | 0 | |a Teología pastoral |9 257832 | |
| 583 | |a last modification |c 20121226 12:43:34 |k Rodrigo Vera | ||
| 999 | |c 210022 |d 210020 | ||
| 952 | |0 0 |1 0 |4 0 |6 253_000000000000000_PON_1992 |7 0 |8 A |9 185961 |a BIBTEO |b BIBTEO |d 2019-11-14 |i 2534584 |o 253 PON 1992 |p 2534584 |r 2025-01-17 |w 2019-11-14 |y BK |k ICR | ||
| 952 | |0 0 |1 0 |4 0 |6 253_000000000000000_PON_1992 |7 0 |8 A |9 185962 |a BIBTEO |b BIBTEO |d 2019-11-14 |i 2534592 |o 253 PON 1992 |p 2534592 |r 2025-01-17 |w 2019-11-14 |y BK |k ICR | ||
| 952 | |0 0 |1 0 |4 0 |6 253_000000000000000_PON_1992 |7 0 |8 A |9 185963 |a BIBTEO |b BIBTEO |d 2019-11-14 |i 2534606 |o 253 PON 1992 |p 2534606 |r 2025-01-17 |w 2019-11-14 |y BK |k ICR | ||
| 952 | |0 0 |1 0 |4 0 |6 253_000000000000000_PON_1992 |7 0 |8 A |9 185964 |a BIBTEO |b BIBTEO |d 2019-11-14 |i 2534614 |o 253 PON 1992 |p 2534614 |r 2025-01-17 |w 2019-11-14 |y BK |k ICR | ||
| 952 | |0 0 |1 0 |4 0 |6 253_000000000000000_PON_1992 |7 0 |8 A |9 185965 |a BIBTEO |b BIBTEO |d 2019-11-14 |i 2534630 |o 253 PON 1992 |p 2534630 |r 2025-01-17 |w 2019-11-14 |y BK |k ICR | ||
| 952 | |0 0 |1 0 |4 0 |6 253_000000000000000_PON_1992 |7 0 |8 A |9 185966 |a BIBDER |b BIBDER |d 2019-11-14 |i 2534622 |o 253 PON 1992 |p 2534622 |r 2023-01-25 |w 2019-11-14 |y BK |k DER | ||